000 00317nam a22001337a 4500
008 170727b xxu||||| |||| 00| 0 eng d
020 _a9780073380650
041 _aeng
080 _26TH
_a004
100 _a31
101 _aSHK
245 _aCOMPUTER ORGANIZATION AND EMBEDDED SYSTEMS
_cHAMACHER,C
942 _2udc
_cBK
999 _c21992
_d21992